书目信息 |
| 题名: |
有些事现在不做,一辈子都不会做了
|
|
| 作者: | 韩梅梅 著 | |
| 分册: | 3 | |
| 出版信息: | 长春 北方妇女儿童出版社 2011.05 |
|
| 页数: | 183页 | |
| 开本: | 20cm | |
| 丛书名: | ||
| 单 册: | ||
| 中图分类: | B821-49 | |
| 科图分类: | ||
| 主题词: | 人生观 | |
| 电子资源: | ||
| ISBN: | 978-7-5385-5256-0 | |
| 000 | 00818nam0 2200217 450 | |
| 001 | 1131379974 | |
| 005 | 20110913084642.03 | |
| 010 | @a978-7-5385-5256-0@dCNY25.00 | |
| 100 | @a20110913d2011 km y0chiy0120 ea | |
| 101 | 0 | @achi |
| 102 | @aCN@b220000 | |
| 200 | 1 | @a有些事现在不做,一辈子都不会做了@Ayou xie shi xian zai bu zuo,yi bei zi dou bu hui zuo le@d=There are some things not now, you will never be done@e一个人的生活@h3@f韩梅梅著@Fhan mei mei zhu |
| 210 | @a长春@c北方妇女儿童出版社@d2011.05 | |
| 215 | @a183页@d20cm | |
| 510 | 1 | @aThere are some things not now, you will never be done |
| 517 | 1 | @a一个人的生活@Ayi ge ren de sheng huo |
| 606 | 0 | @a人生观 |
| 690 | @aB821-49@v4 | |
| 701 | 0 | @a韩梅梅@Ahan mei mei@4著 |
| 801 | 0 | @aCN@b大连网信软件有限公司图书馆·11@c20110913 |
| 905 | @aZUCC@dB821-49@eH084:3 | |
| 有些事现在不做,一辈子都不会做了=There are some things not now, you will never be done:一个人的生活.3/韩梅梅著.-长春:北方妇女儿童出版社,2011.05 |
| 183页;20cm |
| ISBN 978-7-5385-5256-0:CNY25.00 |
| ● |
| 相关链接 |
|
|
|
正题名:有些事现在不做,一辈子都不会做了
索取号:B821-49/H084:3
 
预约/预借
| 序号 | 登录号 | 条形码 | 馆藏地/架位号 | 状态 | 备注 |
| 1 | 382554 | 203825548 | 社科库509/509社科库 25排1列5层/ [索取号:B821-49/H084:3] | 在馆 | |
| 2 | 503626 | 205036263 | 社科库509/509社科库 25排1列5层/ [索取号:B821-49/H084:3] | 在馆 | |
| 3 | 607294 | 206072943 | 社科库509/ [索取号:B821-49/H084:3] | 在馆 |